000 02316nam a2200325 i 4500
003 DO-SdBNP
005 20240402134029.0
006 a||||gr|||| 00| 0
007 ta
008 230911e2000 dr ||||| |||| 00| 0 spa d
040 _aDO-SdBNP
_bspa
_cBNPHU
_erda
082 4 _222
_a346.729307
_bV648c 2000
100 1 _aPotentini Adames, Trajano Vidal‏
_eautor
_973577
245 1 0 _aCódigo de Comercio de la República Dominicana. /
_cTrajano Vidal Potentini; edición al cuidado de Héctor Guzmán
260 _a3a. edición de bolsillo
264 1 _aMoca, República Dominicana :
_bDalis,
_c2000
300 _a244 páginas ;
_c15 cm.
336 _2rdacontent
_atexto
_btxt
337 _2rdamedia
_asin mediación
_bn
338 _2rdacarrier
_avolumen
_bnc
505 0 _aLibro Primero.
_tTítulo I: De los comerciantes.-- Título II: De los libros de comercio.
_gTítulo III.
_tDe las Compañías.
_gTítulo IV.
_tDe las separaciones de bienes.
_gTítulo V.
_tDe las bolsas de comercio, agentes de cambio y corredores.
_gTítulo VI.
_tDe la prenda y de los comisionistas.
_gTítulo VII.
_tDe las compras y ventas mercantiles.
_gTítulo VII.
_tDe la letra de cambio, del pagaré a la orden, y de la prescripción.
_gTítulo VIII.
_tDe la letra de cambio, del pagaré a la orden, y de la prescripción.
505 0 _aLibro Segundo.
_tDel Comercio Marítimo.
_gTítulo IX.
_tDe los contratos a la gruesa.
_gTítulo X.
_tDe los seguros.
505 0 _aLibro Tercero.
_tDe las Quiebras y Bancarrotas
_gCapítulo I:
_tDe la declaración de quiebra y de sus efectos.
_gCapítulo II:
_tDel nombramiento de juez comisario
_gCapítulo III:
_tDe la fijación de sellos y de las primeras disposiciones con respecto a la persona del quebrado.
_gCapítulo IV:
_tDel nombramiento y reemplazo de los síndicos provisionales.
_gCapítulo V.
_tAtribuciones de los síndicos.
_gCapítulo VI:
_tDel concordato y de la unión.
_gCapítulo VII:
_tDe las diversas especies de acreedores y de sus derechos en caso de quiebra.
_gTítulo II.
_tDe las bancarrotas.
505 0 _aLibro Cuarto.
_tDe la Jurisdicción Comercial.
590 _aInventariado 2023 / MF
650 4 _aDerecho comercial
_xLegislación
_zRepública Dominicana
_910077
650 4 _aDerecho comercial
_zRepública Dominicana
_914449
700 1 _aGuzmán, Héctor,
_973578
_eeditor
942 _2ddc
_cLBS1
999 _c54681
_d54681